<?xml version="1.0" encoding="UTF-8"?>
<record
    xmlns:xsi="http://www.w3.org/2001/XMLSchema-instance"
    xsi:schemaLocation="http://www.loc.gov/MARC21/slim http://www.loc.gov/standards/marcxml/schema/MARC21slim.xsd"
    xmlns="http://www.loc.gov/MARC21/slim">

  <leader>00492nam a22001217a 4500</leader>
  <datafield tag="040" ind1=" " ind2=" ">
    <subfield code="c">SY</subfield>
  </datafield>
  <datafield tag="082" ind1=" " ind2=" ">
    <subfield code="a">577</subfield>
  </datafield>
  <datafield tag="100" ind1=" " ind2=" ">
    <subfield code="a">&#x1793;&#x17B6;&#x1799;&#x1780;&#x178A;&#x17D2;&#x178B;&#x17B6;&#x1793;&#x1787;&#x179B;&#x1795;&#x179B;</subfield>
  </datafield>
  <datafield tag="245" ind1=" " ind2=" ">
    <subfield code="a">&#x1780;&#x17B6;&#x179A;&#x179F;&#x17D2;&#x178A;&#x17B6;&#x179A;&#x17A1;&#x17BE;&#x1784;&#x179C;&#x17B7;&#x1789;&#x1793;&#x17BC;&#x179C;&#x1780;&#x17B6;&#x179A;&#x1794;&#x17C6;&#x1795;&#x17D2;&#x179B;&#x17B7;&#x1785;&#x1794;&#x17C6;&#x1795;&#x17D2;&#x179B;&#x17B6;&#x1789;&#x1794;&#x179A;&#x17B7;&#x179F;&#x17D2;&#x1790;&#x17B6;&#x1793;&#x1793;&#x17C5;&#x1780;&#x17D2;&#x1793;&#x17BB;&#x1784;&#x179F;&#x1798;&#x17BB;&#x1791;&#x17D2;&#x179A;&#x1785;&#x17B7;&#x1793;&#x1797;&#x17B6;&#x1782;&#x1781;&#x17B6;&#x1784;&#x178F;&#x17D2;&#x1794;&#x17BC;&#x1784; &#x1793;&#x17B7;&#x1784;&#x1788;&#x17BC;&#x1784;&#x179F;&#x1798;&#x17BB;&#x1791;&#x17D2;&#x179A;&#x1790;&#x17C3;</subfield>
  </datafield>
  <datafield tag="260" ind1=" " ind2=" ">
    <subfield code="a">NA</subfield>
    <subfield code="b">&#x1787;&#x179B;&#x1795;&#x179B;</subfield>
    <subfield code="c">NA</subfield>
  </datafield>
  <datafield tag="300" ind1=" " ind2=" ">
    <subfield code="a">51p.</subfield>
  </datafield>
  <datafield tag="942" ind1=" " ind2=" ">
    <subfield code="c">KB</subfield>
  </datafield>
  <datafield tag="999" ind1=" " ind2=" ">
    <subfield code="c">9975</subfield>
    <subfield code="d">9975</subfield>
  </datafield>
  <datafield tag="952" ind1=" " ind2=" ">
    <subfield code="0">0</subfield>
    <subfield code="1">0</subfield>
    <subfield code="4">0</subfield>
    <subfield code="6">577_000000000000000_&#x1787;&#x179B;&#x1795;&#x179B;_NA_C161</subfield>
    <subfield code="7">0</subfield>
    <subfield code="9">52234</subfield>
    <subfield code="a">LBC</subfield>
    <subfield code="b">LBC</subfield>
    <subfield code="c">C161</subfield>
    <subfield code="d">2016-09-16</subfield>
    <subfield code="o">577 &#x1787;&#x179B;&#x1795;&#x179B; NA C161</subfield>
    <subfield code="p">RUA44225</subfield>
    <subfield code="r">2016-10-12</subfield>
    <subfield code="y">KB</subfield>
  </datafield>
</record>
